000 00229nam a2200085Ia 4500
245 0 _aThe yummiest love
100 _a McCourt, Lisa New York, 2009 1st ed
_980993
942 _cBK
008 210818s9999 xx 000 0 und d
999 _c451091
_d451090